Statistics for Smallest countries

Click here to take the quiz!

General Stats

  • This quiz has been taken 38 times
  • The average score is 12 of 15

Answer Stats

HintAnswers% Correct
Not an islandVatican city
97%
Not an islandMonaco
92%
Not an islandSan marino
92%
IslandSt vincent & the grenadines
84%
IslandSt kitts & nevis
81%
Not an islandLiechtenstein
78%
IslandNauru
78%
IslandAntigua & barbuda
76%
IslandBarbados
76%
IslandTuvalu
73%
IslandGrenada
70%
IslandMalta
68%
IslandMarshall islands
68%
IslandSeychelles
68%
IslandMaldives
54%

Score Distribution

Percentile by Number Answered

Percent of People with Each Score

Your Score History

You have not taken this quiz